|
|
|
|
| LEADER |
00000nam0a2200000 4500 |
| 001 |
115414 |
| 005 |
20231031122623.0 |
| 010 |
|
|
|a 9785482012642
|
| 010 |
|
|
|a 5-482-01264-6
|
| 035 |
|
|
|a (RuTPU)RU\TPU\book\124820
|
| 035 |
|
|
|a RU\TPU\book\111821
|
| 090 |
|
|
|a 115414
|
| 100 |
|
|
|a 20070507d2007 m y0rusy50 ca
|
| 101 |
0 |
|
|a rus
|
| 102 |
|
|
|a RU
|
| 105 |
|
|
|a y j 000zy
|
| 200 |
1 |
|
|a Бухгалтерский учет на современном предприятии
|e учебно-практическое пособие
|f Н. В. Пошерстник
|
| 210 |
|
|
|a Москва
|c Проспект
|c Велби
|d 2007
|
| 215 |
|
|
|a 548 с.
|
| 330 |
|
|
|a Книга состоит из трех разделов. Первый содержит подробное описание основ бухгалтерского учета (понятие о документации, оценке и калькуляции, строении и классификации счетов и др.), а также задачи и принципы организации учета на предприятии. Во втором разделе описана методика учета различных объектов бухгалтерского учета (основных средств, нематериальных активов, материалов, финансовых вложений и др.) с составлением корреспонденций счетов и практическими примерами. Последний раздел посвящен вопросам содержания учетной политики предприятия и формированию бухгалтерской отчетности. Здесь же рассмотрены формы баланса и отчета о прибылях и убытках с подробным описанием формирования показателей каждой строки отчетных форм. Материал представлен в систематизированном виде. Везде, где это необходимо, дана ссылка на нормативный документ, регламентирующий применение приводимой нормы. В книге приведено большое количество схем, которые значительно упрощают восприятие материала. Для наглядности многие сведения представлены в удобной табличной форме. Для бухгалтеров, аудиторов, финансовых менеджеров, студентов вузов, обучающихся по экономическим специальностям и направлениям.
|
| 451 |
|
1 |
|0 (RuTPU)RU\TPU\book\111821
|y 5-482-00585-2
|t Бухгалтерский учет на современном предприятии
|o учебно-практическое пособие
|f Н. В. Пошерстник
|c М.
|n Проспект
|d 2006
|p 548 с.
|a Пошерстник, Надежда Владимировна
|
| 610 |
1 |
|
|a экономика
|
| 610 |
1 |
|
|a бухгалтерский учет
|
| 610 |
1 |
|
|a предприятия
|
| 610 |
1 |
|
|a теория
|
| 610 |
1 |
|
|a бухгалтерские счета
|
| 610 |
1 |
|
|a учетные регистры
|
| 610 |
1 |
|
|a формы
|
| 610 |
1 |
|
|a собственный капитал
|
| 610 |
1 |
|
|a заемные средства
|
| 610 |
1 |
|
|a долгосрочные инвестиции
|
| 610 |
1 |
|
|a нематериальные активы
|
| 610 |
1 |
|
|a основные средства
|
| 610 |
1 |
|
|a материалы
|
| 610 |
1 |
|
|a труд
|
| 610 |
1 |
|
|a затраты
|
| 610 |
1 |
|
|a готовая продукция
|
| 610 |
1 |
|
|a денежные средства
|
| 610 |
1 |
|
|a расчеты
|
| 610 |
1 |
|
|a подотчетные лица
|
| 610 |
1 |
|
|a финансовые вложения
|
| 610 |
1 |
|
|a налоги
|
| 610 |
1 |
|
|a налогообложение
|
| 610 |
1 |
|
|a финансовые результаты
|
| 610 |
1 |
|
|a учетная политика
|
| 610 |
1 |
|
|a бухгалтерская отчетность
|
| 610 |
1 |
|
|a учебные пособия
|
| 610 |
1 |
|
|a практические пособия
|
| 675 |
|
|
|a 657.22(075.8)
|v 3
|
| 700 |
|
1 |
|a Пошерстник
|b Н. В.
|g Надежда Владимировна
|
| 801 |
|
1 |
|a RU
|b 63413507
|c 20061020
|g PSBO
|
| 801 |
|
2 |
|a RU
|b 63413507
|c 20150403
|g PSBO
|
| 900 |
|
|
|a Бухгалтерский учет
|
| 942 |
|
|
|c BK
|
| 954 |
|
|
|a 521600
|b 080109
|
| 959 |
|
|
|a 89/20061012
|d 1
|e 221,76
|f ЧЗГЛ:1
|
| 959 |
|
|
|a 24/20070227
|d 1
|e 160,00
|f АНЛ:1
|